Fußball 1 gegen 1 #2 (Gerrard:Lampard) - Statistiken

Allgemein
  • Dieses Quiz wurde 45 mal gespielt
  • Das Durchschnittsergebnis liegt bei 9 aus 15
Antwortstatistiken
Frage Antwort % Korrekt
Wer von beiden erzielte am meisten Ablöse? Lampard
93%
Wer von beiden hat mehr Spiele für einen Verein? Gerrard
86%
Wer von beiden hat mehr Tore? (Nur auf Vereinsebene) Lampard
86%
Wer von beiden hat mehr Länderspiel-Tore? Lampard
86%
Wer von beiden hat einen höheren Torrekord in einem Spiel? (Nur auf Vereinsebene) Lampard
79%
Wer von beiden hat mehr individuelle Auszeichnungen? Da beide 2 haben, wer hat mehr individuelle Auszeichnungen, ohne Torschützen-König zu berücksichtigen? Gerrard
64%
Wer von beiden hat mehr Vorlagen? (Nur auf Vereinsebene) Lampard
64%
Wer von beiden siegte öfter im direkten Vergleich gegen den Anderen? Lampard
64%
Wer von beiden hat mehr Vereins-Titel? Da beide 11 haben, wer hat mehr internationale Titel? Gerrard
57%
Wer von beiden gab jünger sein Profi-Debut? Lampard
57%
Wer von beiden hatte jemals eine höhere Trikotnummer? (Nur auf Vereinsebene) Gerrard
50%
Wer von beiden hat mehr Nationalmannschafts-Spiele? Gerrard
43%
Wer von beiden beendete seine Karriere jünger? Gerrard
36%
Wer von beiden erzielte jünger sein Debut-Tor? Lampard
36%
Wer von beiden bestritt mehr Spiele? (Nur auf Vereinsebene) Lampard
0%
Keine übereinstimmenden Quizze gefunden
Verteilung der Resultate
Anzahl Personen mit jedem Resultat
Perzentil nach korrekt beantworteten Fragen
Ihre Resultats-Entwicklung
Sie haben dieses Quiz noch nicht gespielt